banner koha

Distribuição e raridade das espécies de Mezilaurus (Lauraceae) no Brasil (Registro n. 331874)

MARC details
000 -LÍDER
fixed length control field 03910nab a2200265 i 4500
003 - CÓDIGO MARC DA AGÊNCIA CATALOGADORA
Campo de controle BR-BrBNA
005 - DATA E HORA DA ÚLTIMA ATUALIZAÇÃO
Campo de controle 20250603154853.0
008 - CAMPO DE TAMANHO FIXO
fixed length control field 250603b2018 bl.qr|pooa||| 00| 0 por |
040 ## - FONTE DA CATALOGAÇÃO
Agência catalogadora BR-BrBNA
Idioma da catalogação por
072 ## - CATEGORIA AGRIS
Código AGRIS F70
100 ## - ENTRADA PRINCIPAL - NOME PESSOAL
Nome pessoal Franciscon, Carlos H.
100 ## - ENTRADA PRINCIPAL - NOME PESSOAL
Nome pessoal Miranda, Izildinha S.
245 ## - TÍTULO PRINCIPAL
Título principal Distribuição e raridade das espécies de Mezilaurus (Lauraceae) no Brasil
500 ## - NOTA GERAL
Nota geral Publicação on-line; 39 ref.; 5 tables; 1 illus.; Summaries (En, Pt)
942 ## - ADDED ENTRY ELEMENTS (KOHA)
Koha item type Analítica
520 ## - NOTA DE RESUMO
Nota de conteúdo <br/><br/>Resumo<br/><br/>Este estudo teve o objetivo de apresentar uma revisão sobre a distribuição conhecida das espécies de<br/>Mezilaurus ocorrentes no Brasil e investigar se a distribuição potencial e se o estado de conservação das<br/>espécies podem ser estudados com base nos dados existentes nos herbários. A distribuição potencial de<br/>Mezilaurus foi modelada através do sistema Biogeografia da Flora e Fungos do Brasil. Foi encontrado um<br/>total 804 registros de 16 espécies brasileiras de Mezilaurus. O percentual de perda total de registros foi<br/>muito grande (58,3%), especialmente devido à falta de georreferenciamento e determinador (56,4%). A<br/>análise da distribuição conhecida revelou novas informações para M. lindaviana, M. navalium, M. sprucei, <br/>M. subcordata, M. synandra e M. vanderwerffii. Os modelos de distribuição potencial apresentaram bons<br/>resultados para M. itauba, M. crassiramea e M. synandra; contudo foram fortemente influenciados pelo<br/>número de registros. A análise de raridade mostrou que cinquenta por cento das espécies apresentaram<br/>alto grau de raridade pois ocorrem em áreas e habitat restritos e populações escassas. A situação de<br/>conservação baseada na classificação de raridade usando os registros dos herbários apresentou falhas<br/>quanto à classificação do tamanho das populações, contudo, mostraram bons resultados sobre a amplitude<br/>geográfica e de habitat das espécies.<br/><br/>Palavras-chave: Amazônia, conservação, modelos de distribuição das espécies.<br/><br/><br/><br/><br/><br/>Abstract<br/><br/>This study aimed to present a review on known distribution of Mezilaurus species from Brazil and<br/>investigate whether the potential distribution and the conservation status of the species can be studied based<br/>on herbarium data. The potential distribution of Mezilaurus species was modeled using the Brazilian Floral<br/>and Fungal Biogeography system. A total of 804 records of 16 Brazilian species of Mezilaurus was found.<br/>The percentage of total loss of records was very high (58.3%), especially due to lack of georeferencing<br/>and the sampling determiner (56.4%). Analysis of the known distribution revealed new information for<br/>M. lindaviana, M. navalium, M. sprucei, M. subcordata, M. synandra and M. vanderwerffii. The potential<br/>distribution models showed good results for M. itauba, M. crassiramea and M. synandra; however, were<br/>strongly influenced by the number of records. The analysis of rarity showed that fifty percent of the<br/>species presented a high degree of rarity because they occur in restricted areas and habitat and scanty<br/>populations. The situation of conservation based on the classification of rarity using herbarium records<br/>showed some failures regarding the classification of the population size; however, they showed good<br/>results on the geographic range and habitat of the species.<br/><br/>Key words: Amazonian, conservation, species distribution modeling
650 ## - ASSUNTO - THESAGRO
Cabeçalho tópico ou nome geográfico AMAZÔNIA
650 ## - ASSUNTO - THESAGRO
Cabeçalho tópico ou nome geográfico CONSERVAÇÃO
650 ## - ASSUNTO - THESAGRO
Cabeçalho tópico ou nome geográfico DISTRIBUIÇÃO GEOGRÁFICA
650 ## - ASSUNTO - THESAGRO
Cabeçalho tópico ou nome geográfico MEZILAURUS ITAUBA
650 ## - ASSUNTO - THESAGRO
Cabeçalho tópico ou nome geográfico LAURACEAE
773 0# - ENTRADA ANALÍTICA
Host Biblionumber 709
Registro do item 350746
Imprenta Rio de Janeiro-RJ Jardim Botanico do Rio de Janeiro 1935
Outro identificador 2025-3371
Título Rodriguésia (Brazil)
ISSN 0370-6583; 2175-7860 on-line
Colação v. 69(2) p. 489-501; (2018)
Número de controle de registro BR2025003027
856 ## - ACESSO E ENDEREÇO ELETRÔNICO
Identificador uniforme de recurso - URI https://www.scielo.br/j/rod/a/Rw8zKgKHNBkfzckCFSB8xqj/?format=pdf&lang=pt

Nenhum exemplar disponível.

BINAGRI

Telefone: (61)3218-2567/2388/3357/2097 - binagri@agro.gov.br

Ministério da Agricultura e Pecuária , Esplanada dos Ministérios, Bloco D, Anexo B, Brasília/DF, CEP: 70.043-900